Business communications / (Record no. 14501)
[ view plain ]
| 000 -LEADER | |
|---|---|
| fixed length control field | 00550nam a2200181 a 4500 |
| 003 - CONTROL NUMBER IDENTIFIER | |
| control field | PILC |
| 005 - DATE AND TIME OF LATEST TRANSACTION | |
| control field | 20150112093434.0 |
| 008 - FIXED-LENGTH DATA ELEMENTS--GENERAL INFORMATION | |
| fixed length control field | 100721s19uu xx 00 eng d |
| 020 ## - INTERNATIONAL STANDARD BOOK NUMBER | |
| International Standard Book Number | 0946796211 |
| 050 ## - LIBRARY OF CONGRESS CALL NUMBER | |
| Classification number | HF 5718 |
| Item number | .Sh544 1989 |
| 082 ## - DEWEY DECIMAL CLASSIFICATION NUMBER | |
| Classification number | MCSF 658.45 |
| Item number | Sh3 1989 |
| 100 ## - MAIN ENTRY--PERSONAL NAME | |
| Personal name | Sheldon, Robert H. |
| 9 (RLIN) | 14908 |
| 245 ## - TITLE STATEMENT | |
| Title | Business communications / |
| Statement of responsibility, etc | Robert H. Sheldon |
| 260 ## - PUBLICATION, DISTRIBUTION, ETC. (IMPRINT) | |
| Place of publication, distribution, etc | Worcestershire, England : |
| Name of publisher, distributor, etc | Peter Andrew Publishing Company, |
| Date of publication, distribution, etc | 1989. |
| 300 ## - PHYSICAL DESCRIPTION | |
| Extent | 262 pages : |
| Dimensions | 20 cm. |
| 650 ## - SUBJECT ADDED ENTRY--TOPICAL TERM | |
| Topical term or geographic name as entry element | Business communication |
| 9 (RLIN) | 14664 |
| 942 ## - ADDED ENTRY ELEMENTS (KOHA) | |
| Source of classification or shelving scheme | Library of Congress Classification |
| Koha item type | Books |
| Withdrawn status | Lost status | Source of classification or shelving scheme | Damaged status | Home library | Current library | Shelving location | Date acquired | Total Checkouts | Full call number | Barcode | Date last seen | Copy number | Price effective from | Koha item type |
|---|---|---|---|---|---|---|---|---|---|---|---|---|---|---|
| Library of Congress Classification | Southville International School Affiliated with Foreign Universities Library | Southville International School Affiliated with Foreign Universities Library | Southville Foreign University Section | 08/28/2013 | HF 5718 .Sh544 1989 | SFU0921 | 05/15/2018 | 1 | 08/28/2013 | Books | ||||
| Library of Congress Classification | Southville International School Affiliated with Foreign Universities Library | Southville International School Affiliated with Foreign Universities Library | Southville Foreign University Section | 08/28/2013 | HF 5718 .Sh544 1989 | SFU0922 | 05/15/2018 | 2 | 08/28/2013 | Books |